|
|
|
|
| LEADER |
00000nab a2200000 a 4500 |
| 001 |
vtls008413944 |
| 003 |
SK-MaSNL |
| 005 |
20260303223735.0 |
| 008 |
040806c2005 xo 0 slo |
| 015 |
|
|
|a SNBCL2005/5
|
| 035 |
|
|
|a SLK035935
|
| 040 |
|
|
|a SLKCL
|b slo
|c SNKBUCL
|e AACR2
|
| 041 |
1 |
|
|a slo
|
| 044 |
|
|
|a xo
|c SK
|
| 080 |
|
|
|a 616.832-004.2:616.62-008.22:061.3
|2 1981
|
| 100 |
1 |
|
|a Vargovčák, Marek,
|d 1975-
|4 aut
|9 229164
|
| 245 |
1 |
0 |
|a Neurogénny močový mechúr a skleróza multiplex
|c Marek Vargovčák, Ladislav Valanský, N. Klímová
|
| 650 |
0 |
7 |
|a poruchy močenia
|2 MESH
|9 2923
|
| 650 |
0 |
7 |
|a sclerosis multiplex, progresívna chronická
|2 MESH
|9 1258623
|
| 650 |
0 |
7 |
|a abstrakty z kongresu
|2 MESH
|9 168204
|
| 650 |
0 |
7 |
|a neurogénny močový mechúr
|2 MESH
|9 872541
|
| 650 |
0 |
7 |
|a diagnostika (medicína)
|2 MESH
|9 28740
|
| 700 |
1 |
|
|a Valanský, Ladislav,
|d 1947-
|4 aut
|9 210646
|
| 700 |
1 |
|
|a Klímová, N.
|4 aut
|u Urologická klinika LF UPJŠ a FN L. Pasteura, Košice
|9 1258624
|
| 711 |
1 |
|
|a Reimanove dni
|n (33. :
|d 2005 :
|c Prešov, Slovensko)
|4 aut
|9 110997
|
| 773 |
0 |
|
|w SERIAL_GENERAL*000250*2005*005*003
|x 1335-3071
|t Urológia
|g Roč. 11, č. 3 (2005), s. 34-35
|
| 850 |
|
|
|a Slovenská lekárska knižnica v Bratislave
|a BA006
|
| 852 |
|
|
|a BA006
|b KIS3GCP
|b 000500000
|
| 999 |
|
|
|c 2249192
|d 2251122
|